000 00324nam a22001337a 4500
020 _a9789017015016
041 _aENG
100 _aChaydhary .H.P
245 _aCompetition Book Of General Science
260 _aRajasthan
_bThe Sprout PUB
_c2018
300 _a422
650 _aCompetitive Exam
856 _uCompetitive Exam
999 _c162
_d162